[Event "Druzynowe Mistrzostwa Polski II Liga"]
[Site "Szklarska Poreba"]
[Date "1899-12-30"]
[Round "6.47"]
[White "Wielek, Thomas"]
[Black "Krasiewicz, Robert"]
[Result "1/2-1/2"]
[WhiteTitle "I"]
[BlackTitle "k+"]
[WhiteElo "1803"]
[BlackElo "2005"]

1. e4 g6 2. d4 Bg7 3. Nc3 d6 4. Bc4 a6 5. Nf3 b5 6. Bb3 e6 7. Bg5 Ne7 8. Qd2 Bb7
9. a3 h6 10. Be3 Nd7 11. d5 e5 12. Qe2 Nf6 13. Nd2 Qd7 14. h3 Nh5 15. O-O-O Nf4
16. Qf1 Bc8 17. Ne2 g5 18. c4 c5 19. Nc3 Rb8 20. a4 b4 21. Ne2 Neg6 22. Ng1 Ne7
23. g3 Nfg6 24. g4 Nf4 25. Ne2 h5 26. f3 Nxe2+ 27. Qxe2 Bf6 28. Rh2 Ng6 29. Rdh1
Kd8 30. Nf1 h4 31. Nd2 Nf4 32. Qd1 Qc7 33. Qc2 Bd7 34. Rd1 Qa5 35. Bxf4 exf4 36.
Nb1 Kc7 37. Rd3 Rb7 38. Kd1 Rhb8 39. Nd2 Be5 40. Ke2 Kd8 41. Rh1 Ke7 42. Ra1 Qd8
43. Re1 Qh8 44. Rb1 Qf6 45. Kf1 Bd4 46. Ke2 Qe5 47. Kf1 Rh8 48. Kg2 Rbb8 49. Nf1
Rh7 50. Rd2 Rbh8 51. Re2 Kd8 52. Qd1 Re8 53. Qd3 Rhh8 54. Bd1 Kc7 55. b3 Bc3 56.
Rc1 Re7 57. Bc2 Rf8 58. Nd2 f5 59. Rf1 Bd4 60. Ree1 fxg4 61. hxg4 h3+ 62. Kh1
Qh8 63. Re2 Qh4 64. Rh2 Rh8 65. Bd1 Qg3 66. Qe2 Reh7 67. Rff2 Bxf2 68. Qxf2 Re8
69. Nf1 Qxf2 70. Rxf2 Kd8 71. Nh2 Ke7 72. Rd2 Kf6 73. Bc2 Ke5 74. Kg1 Rb8 75.
a5 Be8 76. Kf1 Rh4 77. Bd1 Bg6 78. Bc2 Rh7 79. Kg1 Re7 80. Kf2 Kf6 81. Re2 Be8
82. Rd2 Bd7 83. Kg1 Ke5 84. Bd1 Ree8 85. Kh1 Rec8 86. Kg1 Be8 87. Kf2 Bf7 88.
Rd3 Rh8 89. Rd2 Be8 90. Kg1 Rh7 91. Kh1 Rhb7 92. Kg1 Bg6 1/2-1/2

[Event "Druzynowe Mistrzostwa Polski II Liga"]
[Site "Szklarska Poreba"]
[Date "1899-12-30"]
[Round "6.48"]
[White "Andrejczuk, Beata"]
[Black "Binkowska, Agata"]
[Result "1/2-1/2"]
[WhiteTitle "WFM"]
[BlackTitle "I++"]
[WhiteElo "2088"]
[BlackElo "1822"]

1. e4 e6 2. d4 c5 3. c3 d5 4. e5 Nc6 5. a3 Qb6 6. Nf3 Nge7 7. Bd3 Bd7 8. Bc2 cxd4
9. cxd4 Nf5 10. Bxf5 exf5 11. Nc3 Be6 12. O-O Be7 13. b4 O-O 14. Na4 Qd8 15. Nc5
Bc8 16. Be3 g5 17. Ne1 f4 18. Bc1 b6 19. Nb3 Bf5 20. Qh5 Bg6 21. Qh6 Re8 22. h4
Kh8 23. hxg5 Bxg5 24. Qh2 f6 25. Bxf4 Bxf4 26. Qxf4 fxe5 27. dxe5 Rxe5 28. Nd4
Re4 29. Nxc6 Rxf4 30. Nxd8 Rxd8 31. Rd1 d4 32. Nd3 Re4 33. Rd2 Bf7 34. Rc1 Rd7
35. f4 Rde7 36. f5 Kg7 37. Rc6 Rd7 38. f6+ Kg6 39. Rf2 Kg5 40. a4 Re3 41. Nb2
d3 42. Rc3 Re1+ 43. Kh2 Re3 44. Rf1 Rd4 45. b5 Kg6 46. Kg1 Bd5 47. Rc7 Bf7 48.
Rc3 h5 49. Kh2 h4 50. Kg1 h3 51. gxh3 Rxh3 52. Kg2 Re3 53. Rf2 Be6 54. Rc7 Bf7
55. Rc3 Re1 56. Rxd3 Bd5+ 57. Kh2 Rh1+ 58. Kg3 Rg1+ 59. Kh3 Be6+ 60. Kh2 Rgg4
61. Rh3 Bd5 62. Nd3 Rde4 63. Rh8 Rh4+ 64. Rxh4 Rxh4+ 65. Kg3 Kg5 66. f7 Rg4+ 67.
Kh2 Rh4+ 68. Kg3 Rg4+ 69. Kh3 Rh4+ 70. Kg3 Rg4+ 1/2-1/2

[Event "Druzynowe Mistrzostwa Polski II Liga"]
[Site "Szklarska Poreba"]
[Date "1899-12-30"]
[Round "6.49"]
[White "Piotrowski, Przemyslaw"]
[Black "Cichocki, Adam"]
[Result "1/2-1/2"]
[WhiteTitle "k+"]
[BlackTitle "FM"]
[WhiteElo "2324"]
[BlackElo "2292"]

1. d4 d5 2. Nf3 Nf6 3. g3 Bf5 4. Bg2 e6 5. O-O Nbd7 6. c4 c6 7. Nc3 Be7 8. b3 Ne4
9. Bb2 Ndf6 10. Nd2 Nxc3 11. Bxc3 O-O 12. c5 Ne4 13. Nxe4 Bxe4 14. b4 Bxg2 15.
Kxg2 b6 16. Qd2 Qd7 17. a4 Rfb8 18. Rfb1 bxc5 19. bxc5 Rb7 20. Rb2 Rab8 21. Rab1
Qc8 22. Qc2 h6 23. e3 Rxb2 24. Rxb2 Rxb2 25. Qxb2 Qa6 26. Qb8+ Bf8 27. a5 g5 28.
h3 f5 29. Qe8 Qd3 30. Qxe6+ Kg7 31. Qd7+ Kh8 32. Qxc6 Qxc3 33. Qe8 Kg7 34. c6
Qc2 35. Qd7+ Kf6 36. c7 Qe4+ 37. Kh2 Qc2 38. Kg1 Qb1+ 39. Kg2 Qe4+ 40. Kh2 Qc2
41. Qd8+ Be7 42. Qh8+ Kg6 43. c8=Q Qxf2+ 1/2-1/2

[Event "Druzynowe Mistrzostwa Polski II Liga"]
[Site "Szklarska Poreba"]
[Date "1899-12-30"]
[Round "6.50"]
[White "Helis, Tadeusz"]
[Black "Fudalej, Michal"]
[Result "1/2-1/2"]
[WhiteTitle "FM"]
[BlackTitle "FM"]
[WhiteElo "2233"]
[BlackElo "2200"]

1. c4 Nf6 2. Nc3 g6 3. g3 d5 4. cxd5 Nxd5 5. Bg2 Nb6 6. Nf3 Bg7 7. d3 O-O 8. Be3
Nc6 9. Qd2 Re8 10. Bh6 Bh8 11. h4 Nd4 12. h5 c5 13. hxg6 hxg6 14. Nxd4 cxd4 15.
Ne4 Nd5 16. Qg5 e6 17. O-O-O Bd7 18. Qxd8 Rexd8 19. Bg5 f6 20. Rxh8+ Kxh8 21.
Nxf6 Kg7 22. Nxd5 Rdc8+ 23. Kd2 exd5 24. Bf4 Kf6 25. Bxd5 Bc6 26. Bb3 Rh8 27.
g4 g5 28. Bg3 Rac8 29. Rc1 Bd7 30. Rg1 Be6 31. f3 Rc6 32. Bf2 Ke5 33. Bg3+ Kf6
34. Bf2 Ke5 35. Bg3+ Kf6 36. Bf2 Ke5 1/2-1/2

[Event "Druzynowe Mistrzostwa Polski II Liga"]
[Site "Szklarska Poreba"]
[Date "1899-12-30"]
[Round "6.51"]
[White "Fudalej, Grzegorz"]
[Black "Walkusz, Witoslaw"]
[Result "0-1"]
[WhiteTitle "k"]
[BlackTitle "FM"]
[WhiteElo "2121"]
[BlackElo "2138"]

1. e4 e5 2. g3 Nc6 3. Bg2 Bc5 4. d3 Nf6 5. Be3 Bxe3 6. fxe3 d5 7. exd5 Nxd5 8.
Qf3 Be6 9. Nh3 Ndb4 10. Na3 Bd5 11. Qe2 Bxg2 12. Qxg2 Nd5 13. Qf3 O-O 14. O-O-O
Ndb4 15. Kb1 Qe7 16. c3 Nxa2 17. Nc4 Qe6 18. Ng5 Qg6 19. Ne4 b5 20. Ncd2 f5 21.
Nc5 Qd6 22. Ndb3 a5 23. Nb7 Nxc3+ 24. bxc3 Qa3 25. Qd5+ Kh8 26. Rd2 a4 27. N3c5
Qxc3 28. Qxc6 Qxd2 29. Qxb5 a3 30. Na6 Rxa6 0-1

[Event "Druzynowe Mistrzostwa Polski II Liga"]
[Site "Szklarska Poreba"]
[Date "1899-12-30"]
[Round "6.52"]
[White "Rawski, Slawomir"]
[Black "Fiedorek, Michal"]
[Result "0-1"]
[WhiteTitle "FM"]
[BlackTitle "I"]
[WhiteElo "2164"]
[BlackElo "2001"]

1. d4 Nf6 2. c4 g6 3. Nc3 Bg7 4. e4 d6 5. f4 O-O 6. Nf3 Na6 7. Be2 e5 8. dxe5 dxe5
9. Qxd8 Rxd8 10. Nxe5 Nc5 11. Bf3 Be6 12. O-O Nfd7 13. Nxd7 Rxd7 14. Be3 Nd3 15.
Rab1 Bxc4 16. Rfd1 Rad8 17. e5 g5 18. g3 gxf4 19. gxf4 f6 20. Bxb7 fxe5 21. f5
Nf4 22. b3 Bd3 23. Rbc1 Bxf5 24. Rxd7 Rxd7 25. Rd1 Ne2+ 26. Kf2 Nxc3 27. Rxd7
Bxd7 28. Bxa7 Nxa2 29. Bd5+ Kf8 30. Bc5+ Ke8 31. Be4 Bf8 32. Be3 Nc3 33. Bxh7
Nd1+ 34. Ke2 Bg4+ 35. Kd3 Nxe3 36. Kxe3 Ke7 37. Ke4 Kf6 38. Kd5 Bf5 39. Bg8 Bd6
40. Kc6 Be6 0-1

[Event "Druzynowe Mistrzostwa Polski II Liga"]
[Site "Szklarska Poreba"]
[Date "1899-12-30"]
[Round "6.53"]
[White "Maciol, Ryszard"]
[Black "Mikulewicz, Joanna"]
[Result "1-0"]
[WhiteTitle "k"]
[BlackTitle "WFM"]
[WhiteElo "2134"]
[BlackElo "2057"]

1. d4 d5 2. c4 e6 3. Nc3 Nf6 4. Bg5 Be7 5. cxd5 exd5 6. e3 O-O 7. Bd3 Nbd7 8. Qc2
c6 9. Nf3 Re8 10. h3 Nf8 11. O-O-O a6 12. Kb1 Be6 13. g4 Rc8 14. Ne5 c5 15. Bxf6
Bxf6 16. f4 cxd4 17. exd4 b5 18. Qg2 Bxe5 19. dxe5 d4 20. Ne4 Qa5 21. b3 Red8
22. Rc1 Rxc1+ 23. Rxc1 Bd5 24. f5 Qa3 25. Qc2 Qe7 26. Qh2 Nd7 27. Rc7 Bxe4 28.
Bxe4 Qxe5 29. Qxe5 Nxe5 30. Kc2 h6 31. Bb7 Rd6 32. Rc8+ Kh7 33. Ra8 Nc6 34. Kd2
Nb4 35. a3 Nd5 36. Rxa6 Rd8 37. Ra8 Rd6 38. Rf8 f6 39. Rc8 Nc3 40. Kd3 Nd1 41.
Rc5 Nf2+ 42. Kd2 h5 43. Rxb5 hxg4 44. hxg4 Nxg4 45. a4 g5 46. a5 Ne5 47. a6 Nf3+
48. Kd3 Ne1+ 49. Ke2 Nc2 50. a7 d3+ 51. Kd2 Nd4 52. a8=Q Nxb5 53. Bd5 1-0

[Event "Druzynowe Mistrzostwa Polski II Liga"]
[Site "Szklarska Poreba"]
[Date "1899-12-30"]
[Round "6.54"]
[White "Smarsz, Agata"]
[Black "Ryng, Malgorzata"]
[Result "1-0"]
[WhiteTitle "m"]
[BlackTitle "m"]
[WhiteElo "2102"]
[BlackElo "2045"]

1. e4 c5 2. Nf3 Nc6 3. c4 g6 4. Nc3 Bg7 5. g3 d6 6. Bg2 e5 7. d3 Nge7 8. Be3 O-O
9. Qd2 Nd4 10. O-O f5 11. Bg5 Be6 12. Nxd4 cxd4 13. Nd5 Bxd5 14. cxd5 Bf6 15.
Bxf6 Rxf6 16. f4 Qd7 17. Rac1 Rff8 18. Bh3 Rac8 19. Rxc8 Qxc8 20. fxe5 dxe5 21.
d6 Nc6 22. exf5 Qd7 23. Qc2 Qxd6 24. Qb3+ Kh8 25. Qxb7 Rb8 26. Qf7 gxf5 27. Qxf5
Rxb2 28. Bg2 Rb6 29. Be4 Qh6 30. Qc8+ 1-0

[Event "Druzynowe Mistrzostwa Polski II Liga"]
[Site "Szklarska Poreba"]
[Date "1899-12-30"]
[Round "6.55"]
[White "Daniluk, Jerzy"]
[Black "Niekras, Dawid"]
[Result "1/2-1/2"]
[WhiteTitle "k"]
[BlackTitle "FM"]
[WhiteElo "2088"]
[BlackElo "2313"]

1. d4 Nf6 2. c4 g6 3. Nc3 Bg7 4. Nf3 O-O 5. e4 d6 6. Be3 Ng4 7. Bg5 h6 8. Bh4 c5
9. d5 b5 10. cxb5 a6 11. a4 Qa5 12. Ra3 e6 13. Bc4 Qb4 14. Nd2 Bxc3 15. Rxc3 axb5
16. axb5 Qxb2 17. Rb3 Qd4 18. O-O Ne5 19. Bf6 Nbd7 20. Rd3 Qb2 21. Rb3 Qd4 22.
Rd3 Qb2 23. Rb3 Qd4 24. Rd3 1/2-1/2

[Event "Druzynowe Mistrzostwa Polski II Liga"]
[Site "Szklarska Poreba"]
[Date "1899-12-30"]
[Round "6.56"]
[White "Zakrzewski, Marek"]
[Black "Lisowski, Krzysztof"]
[Result "1-0"]
[WhiteTitle "k"]
[BlackTitle "k"]
[WhiteElo "2249"]
[BlackElo "2043"]

1. e4 g6 2. d4 Bg7 3. Nc3 d6 4. f4 e6 5. Nf3 Ne7 6. Bd3 Nbc6 7. e5 O-O 8. Ne4 dxe5
9. dxe5 Nb4 10. Be2 Qxd1+ 11. Kxd1 Rd8+ 12. Bd2 b6 13. c3 Nbc6 14. Kc2 Bb7 15.
Nf2 Rd7 16. Rae1 Rad8 17. Bc1 a6 18. h4 Nf5 19. Rh3 h5 20. g4 hxg4 21. Nxg4 Nce7
22. Ng5 Nh6 23. Nf2 Bg2 24. Rh2 Bb7 25. Rg1 Kf8 26. h5 Nhf5 27. hxg6 Nxg6 28.
Nxe6+ fxe6 29. Rxg6 Kf7 30. Rg5 Rh8 31. Rxh8 Bxh8 32. Bd3 Ne7 33. Ne4 Bg7 34.
Rh5 Nf5 35. Ng5+ Ke7 36. Rh7 Bd5 37. Bxf5 1-0

[Event "Druzynowe Mistrzostwa Polski II Liga"]
[Site "Szklarska Poreba"]
[Date "1899-12-30"]
[Round "6.57"]
[White "Migala, Andrzej"]
[Black "Zadymov, Ihor"]
[Result "0-1"]
[WhiteTitle "I++"]
[BlackTitle "II+"]
[WhiteElo "2021"]
[BlackElo "2090"]

1. e4 e5 2. Nf3 Nc6 3. d4 exd4 4. Bc4 Bc5 5. c3 Nf6 6. e5 d5 7. Bb5 Ne4 8. cxd4
Be7 9. Be3 O-O 10. Nbd2 Bg4 11. Be2 f6 12. exf6 Bxf6 13. O-O Qd6 14. a3 Rae8 15.
Rc1 Nd8 16. Qc2 c6 17. Rfe1 Nf7 18. Nb3 Bd8 19. Nfd2 Nxf2 20. Bxf2 Bxe2 21. Qc3
Ng5 22. Bg3 Qg6 23. Nc5 h5 24. Nd7 Rf5 25. Ne5 Rexe5 26. Bxe5 Bf3 27. Nxf3 Nxf3+
28. Kh1 Nxe1 29. Qxe1 h4 30. h3 Bf6 31. Rc3 Bxe5 32. dxe5 Qe6 33. Re3 g5 34. Qc3
Rf1+ 35. Kh2 Qf5 36. Qd4 Qf2 37. Rd3 Qe1 0-1

[Event "Druzynowe Mistrzostwa Polski II Liga"]
[Site "Szklarska Poreba"]
[Date "1899-12-30"]
[Round "6.58"]
[White "Bajerlein, Dawid"]
[Black "Jedra, Waldemar"]
[Result "1/2-1/2"]
[WhiteTitle "k"]
[BlackTitle "I"]
[WhiteElo "2044"]
[BlackElo "2020"]

1. c4 Nf6 2. g3 g6 3. d4 Bg7 4. Bg2 O-O 5. Nc3 d6 6. Nf3 Nc6 7. O-O Bg4 8. Ne1
a6 9. h3 Bd7 10. e4 e5 11. d5 Nd4 12. Nc2 c5 13. dxc6 bxc6 14. Nxd4 exd4 15. Qxd4
Nd5 16. Qd3 Nxc3 17. bxc3 Qf6 18. Be3 Qxc3 19. Qxc3 Bxc3 20. Rac1 Bb4 21. c5 Bxc5
22. Bxc5 dxc5 23. Rxc5 Rab8 24. Rfc1 Rfd8 25. R1c2 Rb5 26. h4 h5 27. Kh2 Rdb8
28. R5c3 Rb2 29. f4 Kf8 30. Bf1 a5 31. Bc4 a4 32. Kg1 Bg4 33. Kf2 Bd1 34. Rxb2
Rxb2+ 35. Ke3 Ke7 36. Kd4 Be2 37. Bxe2 Rxe2 38. Ra3 c5+ 39. Kd5 c4 40. Rxa4 c3
41. Ra7+ Kd8 42. Ra8+ Kd7 43. Ra7+ Kd8 44. Ra8+ Kd7 45. Ra7+ Kd8 46. Ra4 Re3 47.
Rc4 Rxg3 48. a4 Rh3 49. a5 Rxh4 50. a6 Rh1 51. Rxc3 Ra1 52. Rc4 1/2-1/2

[Event "Druzynowe Mistrzostwa Polski II Liga"]
[Site "Szklarska Poreba"]
[Date "1899-12-30"]
[Round "6.59"]
[White "Kupryjaniuk, Tomasz"]
[Black "Bernat, Marcin"]
[Result "1-0"]
[WhiteTitle "I"]
[BlackTitle "k"]
[WhiteElo "1844"]
[BlackElo "2111"]

1. e4 e6 2. d4 d5 3. e5 c5 4. c3 Nc6 5. Be3 Qb6 6. Qd2 Bd7 7. Nf3 Rc8 8. dxc5 Bxc5
9. Bxc5 Qxc5 10. Na3 f6 11. Be2 fxe5 12. Qg5 Qe7 13. Nb5 Nf6 14. Nxe5 Nxe5 15.
Qxe5 O-O 16. O-O Bxb5 17. Bxb5 Rc5 18. Qe2 e5 19. Ba4 Qd6 20. Rad1 Kh8 21. Rfe1
Ra5 22. Bb3 e4 23. Rd4 Qf4 24. h3 Qg5 25. Qd2 Qf5 26. Rd1 h6 27. a4 Rc5 28. Ba2
a5 29. b4 axb4 30. cxb4 Rc7 31. Bxd5 Nxd5 32. Rxd5 Qc8 33. Rd8 Qf5 34. Rxf8+ Qxf8
35. Qd8 Qxd8 36. Rxd8+ Kh7 37. Rd4 Re7 38. Kf1 Kg6 39. Ke2 Kf5 40. Ke3 Rc7 41.
Rd5+ Ke6 42. Rb5 Kd6 43. Kxe4 Re7+ 44. Kf3 Kc6 45. Kg4 Re2 46. Rf5 Ra2 47. a5
Ra4 48. Rc5+ Kd6 49. Rb5 Kc6 50. Rb6+ Kc7 51. f4 Ra2 52. g3 Rb2 53. f5 Rb3 54.
h4 Kc8 55. Kf4 h5 56. g4 1-0

[Event "Druzynowe Mistrzostwa Polski II Liga"]
[Site "Szklarska Poreba"]
[Date "1899-12-30"]
[Round "6.60"]
[White "Debowiak, Arleta"]
[Black "Wierzbowska, Aleksandra"]
[Result "1-0"]
[WhiteTitle "k"]
[BlackTitle "I+"]
[WhiteElo "1838"]
[BlackElo "1694"]

1. e4 c5 2. Nf3 Nc6 3. d4 cxd4 4. Nxd4 e5 5. Nb5 d6 6. N1c3 a6 7. Na3 Be7 8. Be3
Nf6 9. Nc4 b5 10. Nb6 Rb8 11. Nxc8 Rxc8 12. a4 b4 13. Nd5 Nxd5 14. Qxd5 Nd4 15.
Bxd4 exd4 16. Bxa6 Rc5 17. Bb5+ Kf8 18. Qxd4 Rxc2 19. O-O Bf6 20. Qxb4 Rxb2 21.
Qa3 Be5 22. f4 Bd4+ 23. Kh1 h5 24. e5 Rh6 25. exd6 Rxd6 26. Rae1 Rxb5 27. axb5
Kg8 28. Rd1 Qf6 29. Rd3 Kh7 30. Qb4 h4 31. Rfd1 Bc5 32. Qxc5 Rxd3 33. Qc2 Qc3
34. Qxd3+ 1-0

[Event "Druzynowe Mistrzostwa Polski II Liga"]
[Site "Szklarska Poreba"]
[Date "1899-12-30"]
[Round "6.61"]
[White "Steczek, Marcin"]
[Black "Lewtak, Damian"]
[Result "0-1"]
[WhiteTitle "FM"]
[BlackTitle "m"]
[WhiteElo "2390"]
[BlackElo "2331"]

1. c4 Nf6 2. Nc3 e5 3. Nf3 Nc6 4. g3 d5 5. cxd5 Nxd5 6. Bg2 Nb6 7. O-O Be7 8. Rb1
Be6 9. a3 O-O 10. b4 f6 11. b5 Nd4 12. Nxd4 exd4 13. Na4 Ba2 14. Bxb7 Rb8 15.
Ra1 Rxb7 16. Rxa2 Qd5 17. Ra1 Qxb5 18. Nxb6 axb6 19. a4 Qd5 20. Qc2 Ra8 21. Bb2
Rba7 22. Rfc1 c5 23. d3 h5 24. Rcb1 Ra5 25. e4 Qe6 26. f4 Kf8 27. f5 Qd7 28. Qb3
Qc6 29. Ra2 Rxa4 30. Rba1 Rxa2 31. Rxa2 Rxa2 32. Qxa2 b5 33. Kf2 Bd8 34. Qa1 Bb6
35. Ke2 g6 36. fxg6 Kg7 37. h3 Kxg6 38. g4 hxg4 39. Qg1 Qe6 40. hxg4 Qa2 41. g5
Qxb2+ 42. Kf3 Qd2 43. gxf6+ Kxf6 44. e5+ Kxe5 45. Qg6 Qf4+ 46. Ke2 Bc7 47. Qe8+
Kf5 48. Qxb5 Qe3+ 49. Kf1 Kf4 50. Qc4 Kg4 51. Qa6 Qg5 52. Kg2 Qd5+ 53. Kg1 Bf4
54. Qc8+ Qf5 55. Qg8+ Qg5 56. Qa8 Be3+ 57. Kg2 Kh4+ 0-1

[Event "Druzynowe Mistrzostwa Polski II Liga"]
[Site "Szklarska Poreba"]
[Date "1899-12-30"]
[Round "6.62"]
[White "Reza, Wojciech"]
[Black "Smagalski, Slawomir"]
[Result "1-0"]
[WhiteTitle "k++"]
[BlackTitle "I+"]
[WhiteElo "2277"]
[BlackElo "1908"]

1. e4 e5 2. Nf3 Nc6 3. Bb5 a6 4. Ba4 Nf6 5. O-O b5 6. Bb3 Be7 7. d3 O-O 8. Nc3
d6 9. a3 Bg4 10. Be3 h6 11. h3 Be6 12. Bxe6 fxe6 13. d4 exd4 14. Nxd4 Nxd4 15.
Bxd4 c5 16. Bxf6 Bxf6 17. Qd2 Qe7 18. Rad1 Rad8 19. b3 Qb7 20. f3 d5 21. exd5
exd5 22. Kh1 Bxc3 23. Qxc3 Qc8 24. Rfe1 d4 25. Qd3 Rd6 26. Re7 Rdf6 27. Qe2 Rg6
28. Re5 Rgf6 29. Re1 c4 30. bxc4 bxc4 31. Rd5 Rf4 32. Qe6+ Qxe6 33. Rxe6 Rc8 34.
Re1 d3 35. cxd3 c3 36. d4 c2 37. Rc1 Rc4 38. Kg1 Kf7 39. Kf2 Ke6 40. Re5+ Kd6
41. Re2 Rfxd4 42. Ke3 Rd1 43. Rcxc2 Rxc2 44. Rxc2 Ra1 45. Rc3 Ra2 46. g3 g5 47.
f4 Rh2 48. fxg5 hxg5 49. Kf3 Rxh3 50. Kg4 Rh8 51. Rf3 Ke6 52. Rb3 Ra8 53. Kxg5
Rg8+ 54. Kf4 Rf8+ 55. Ke4 Rg8 56. Rb6+ Ke7 57. Kf4 Rf8+ 58. Kg4 Rg8+ 59. Kh4 Rh8+
60. Kg5 a5 61. Rb5 Rg8+ 62. Kf4 Ra8 63. a4 Ke6 64. g4 Kf6 65. Rb6+ Kg7 66. Rb5
Kg6 67. Rc5 Kf7 68. Kf5 Ke7 69. g5 Rf8+ 70. Kg6 Ra8 71. Kg7 Ke6 72. g6 Ke7 73.
Kh7 Rd8 74. g7 1-0

[Event "Druzynowe Mistrzostwa Polski II Liga"]
[Site "Szklarska Poreba"]
[Date "1899-12-30"]
[Round "6.63"]
[White "Zakoscielna, Kinga"]
[Black "Rymaszewski, Dariusz"]
[Result "1-0"]
[WhiteTitle "WFM"]
[BlackTitle "k"]
[WhiteElo "2070"]
[BlackElo "2150"]

1. e4 g6 2. d4 Bg7 3. c4 d6 4. Nc3 Nf6 5. f3 O-O 6. Be3 a6 7. Qd2 c5 8. dxc5 dxc5
9. Qxd8 Rxd8 10. Bxc5 Nc6 11. Nge2 Nd7 12. Ba3 Nde5 13. Nf4 e6 14. Rd1 Rxd1+ 15.
Nxd1 Bh6 16. Nh3 b5 17. b3 bxc4 18. Bxc4 a5 19. Bd6 Nxc4 20. bxc4 Ba6 21. Nb2
Bg7 22. Na4 Rd8 23. c5 Nb4 24. Kf2 Nxa2 25. e5 Nb4 26. f4 Bf8 27. Ke3 Bb7 28.
Rg1 Bc6 29. Nc3 a4 30. Nf2 a3 31. Nd3 Nc2+ 32. Kd2 Nd4 33. Nb4 Ba8 34. Kd3 Nc6
35. Nxc6 Bxc6 36. g3 f6 37. Ra1 Ra8 38. Kc4 g5 39. Kb3 gxf4 40. gxf4 Bh6 41. exf6
Kf7 42. Rxa3 Rxa3+ 43. Kxa3 Kxf6 44. Ne2 Bd5 45. Ng3 Kg6 46. Kb4 Bg7 47. Kb5 Bd4
48. c6 h5 49. c7 Bb7 50. Bc5 Bb2 51. Ne4 Bc8 52. Kc6 e5 53. Nd6 Bh3 54. f5+ 1-0

[Event "Druzynowe Mistrzostwa Polski II Liga"]
[Site "Szklarska Poreba"]
[Date "1899-12-30"]
[Round "6.64"]
[White "Renkowski, Piotr"]
[Black "Walaszczyk, Witold"]
[Result "1-0"]
[WhiteTitle "k"]
[BlackTitle "k"]
[WhiteElo "2102"]
[BlackElo "2136"]

1. e4 g6 2. d4 Bg7 3. Nf3 d6 4. Nc3 c6 5. Be2 Nf6 6. h3 O-O 7. O-O Nbd7 8. Be3
e5 9. Qd2 Re8 10. dxe5 dxe5 11. a4 Qc7 12. Rfd1 Nf8 13. Bc5 Nh5 14. a5 f6 15.
Qe3 a6 16. Na4 Be6 17. Bb6 Qf7 18. Nc5 Nf4 19. Bf1 g5 20. Qc3 Kh8 21. Rd6 Qe7
22. Rad1 Bd5 23. exd5 Qxd6 24. Nxb7 Qe7 25. dxc6 N4e6 26. Nd6 e4 27. Nxe8 Rxe8
28. Nd4 Nxd4 29. Qxd4 f5 30. Qd6 Qf7 31. c7 f4 32. Qd8 Ne6 33. Qxe8+ Qxe8 34.
Rd8 1-0

[Event "Druzynowe Mistrzostwa Polski II Liga"]
[Site "Szklarska Poreba"]
[Date "1899-12-30"]
[Round "6.65"]
[White "Swiatnicki, Andrzej"]
[Black "Czerniawski, Marek"]
[Result "1-0"]
[WhiteTitle "k"]
[BlackTitle "k"]
[WhiteElo "2028"]
[BlackElo "2035"]

1. d4 Nf6 2. Nc3 g6 3. Bg5 Bg7 4. Qd2 h6 5. Bf4 d6 6. e4 Nbd7 7. e5 Nh5 8. e6 fxe6
9. Bd3 Nf8 10. O-O-O e5 11. dxe5 Nxf4 12. Qxf4 Bxe5 13. Qc4 Be6 14. Bxg6+ Kd7
15. Qa4+ c6 16. Be4 Qb6 17. Nf3 Bf6 18. Nd4 Bf7 19. Rhe1 Rd8 20. Bd5 Bg6 21. Ne4
Be5 22. g3 Kc8 23. Bb3 d5 24. Nc3 Bd6 25. f4 Nd7 26. Ne6 Nc5 27. Qd4 Nxe6 28.
Qxb6 axb6 29. Rxe6 Bf5 30. Ree1 Rde8 31. Ne2 Bg4 32. a3 e5 33. f5 Bxf5 34. c4
Bc5 35. Ng1 Bg4 36. Rd2 d4 37. Bd1 Bf5 38. Rde2 Bd6 39. Nf3 d3 40. Re3 e4 41.
Nh4 Bh7 42. Bg4+ Kc7 43. Bf5 Ref8 44. Bxe4 Bxe4 45. Rxe4 Rf2 46. Rd1 Rxh2 47.
Rxd3 Rf8 48. Nf3 Rh1+ 49. Kc2 Rh3 50. Re6 Bxg3 51. Re7+ Kb8 52. Nd4 Rh2+ 53. Kb3
Bd6 54. Nxc6+ bxc6 55. Rxd6 b5 56. cxb5 cxb5 57. Rb6+ Ka8 58. Rxb5 h5 59. Re4
Rf7 60. Ra4+ Ra7 61. Rab4 Rd7 62. Rb8+ Ka7 63. Rh8 Re7 64. a4 Rg7 65. a5 Rg3+
66. Ka4 Rh1 67. Rh7+ Ka8 68. Re4 Ra1+ 69. Kb4 Rg4 70. Rxg4 hxg4 71. Rg7 Rg1 72.
Kb5 Rg3 73. b4 Re3 74. Rxg4 Re5+ 75. Kc6 Re6+ 76. Kc7 Re7+ 77. Kd6 Rh7 78. Re4
Rh6+ 79. Re6 Rh5 80. Kc6 Rh4 81. b5 Rc4+ 82. Kb6 Rc8 83. Re7 Rf8 84. Rc7 Rb8+
85. Kc6 Rf8 86. b6 Kb8 87. Kb5 Re8 88. a6 Re5+ 89. Rc5 Re8 90. a7+ Ka8 91. Ka6
1-0

[Event "Druzynowe Mistrzostwa Polski II Liga"]
[Site "Szklarska Poreba"]
[Date "1899-12-30"]
[Round "6.66"]
[White "Czaplewska, Klara"]
[Black "Bukowska, Katarzyna"]
[Result "1-0"]
[WhiteTitle "k+"]
[BlackTitle "k++"]
[WhiteElo "1880"]
[BlackElo "1912"]

1. e4 e5 2. Nf3 Nc6 3. Bb5 a6 4. Ba4 Nf6 5. d3 Bc5 6. O-O d6 7. c3 O-O 8. Re1 b5
9. Bb3 h6 10. h3 Be6 11. Bc2 Bb6 12. Nbd2 Ne7 13. d4 Ng6 14. Nf1 Qc8 15. Be3 Rd8
16. Rc1 Qb7 17. Ng3 c5 18. Bb1 c4 19. Qe2 Rac8 20. Nh2 a5 21. Qf3 Nh4 22. Qe2
d5 23. dxe5 Nd7 24. exd5 Bxd5 25. Bxb6 Nxg2 26. Bxd8 Nxe1 27. Rxe1 Nc5 28. Bxa5
Rc6 29. Bb4 Nd3 30. Bxd3 cxd3 31. Qxd3 Rg6 32. Rd1 Bh1 33. f3 Rxg3+ 34. Kxh1 Rxh3
35. Qf5 1-0

[Event "Druzynowe Mistrzostwa Polski II Liga"]
[Site "Szklarska Poreba"]
[Date "1899-12-30"]
[Round "6.67"]
[White "Karwowski, Kacper"]
[Black "Voloshin, Leonid"]
[Result "0-1"]
[WhiteTitle "k"]
[BlackTitle "GM"]
[WhiteElo "2238"]
[BlackElo "2345"]

1. e4 d6 2. d4 Nf6 3. Nc3 e5 4. Nf3 Nbd7 5. Bc4 Be7 6. O-O O-O 7. Re1 c6 8. a4
a5 9. h3 Nb6 10. Ba2 Nfd7 11. Be3 exd4 12. Bxd4 Nc5 13. Bxc5 dxc5 14. Ne5 Qd4
15. Qxd4 cxd4 16. Ne2 Bf6 17. Nc4 Nxc4 18. Bxc4 d3 19. cxd3 Bxb2 20. Rab1 Ba3
21. Nd4 Bb4 22. Red1 Bd7 23. Rb3 Rab8 24. Ra1 Rfc8 25. Nf3 b5 26. axb5 cxb5 27.
Bd5 Bc3 28. Raa3 Bb4 29. Ra1 Bd6 30. e5 a4 31. Rbb1 Be7 32. d4 Bf5 33. Re1 a3
34. g4 Bd7 35. e6 Bxe6 36. Rxe6 fxe6 37. Bxe6+ Kf8 38. Ne5 b4 39. Nd7+ Ke8 40.
Nxb8 Rxb8 41. Rb1 Bf6 42. Kf1 Bxd4 43. Ke2 Bb2 44. Bb3 Rc8 45. Kd2 Rc3 46. Ba2
b3 47. Rxb2 bxa2 48. Rxa2 Rxh3 49. Rc2 Rf3 50. Ke2 Rb3 51. Rc8+ Ke7 52. Ra8 Rb2+
53. Ke3 a2 54. f4 Kd6 55. g5 g6 56. Kd4 Kc6 57. Kc4 Rf2 58. Kc3 Rf3+ 59. Kb2 Rxf4
60. Kxa2 Kd5 61. Kb3 Ke4 62. Kc3 Rf2 63. Ra4+ Kf5 64. Rh4 Kxg5 65. Rxh7 Kg4 66.
Kd3 g5 67. Ke3 Kg3 68. Rg7 Rf3+ 69. Ke2 g4 70. Rg8 Rf7 71. Rg6 Kh3 72. Rh6+ Kg2
73. Rg6 Re7+ 74. Kd3 g3 75. Rg8 Kf2 76. Rf8+ Kg1 77. Rg8 g2 78. Kd2 Rh7 79. Ke2
Kh1 80. Kf2 Rf7+ 0-1

[Event "Druzynowe Mistrzostwa Polski II Liga"]
[Site "Szklarska Poreba"]
[Date "1899-12-30"]
[Round "6.68"]
[White "Pajak, Jakub"]
[Black "Sapis, Witalis"]
[Result "1/2-1/2"]
[WhiteTitle "I++"]
[BlackTitle "IM"]
[WhiteElo "1922"]
[BlackElo "2388"]

1. e4 d5 2. exd5 Nf6 3. Nf3 Nxd5 4. d4 g6 5. c4 Nb6 6. Nc3 Bg7 7. c5 Nd5 8. Bc4
c6 9. O-O O-O 10. Bg5 h6 11. Bh4 Nf4 12. Re1 Be6 13. Qb3 Bxc4 14. Qxc4 Bf6 15.
Bxf6 exf6 16. Ne4 Nd5 17. Nd6 b5 18. Qd3 Nd7 19. Nh4 f5 20. Nf3 Qf6 21. Qd2 Kh7
22. Ne5 Nxe5 23. Rxe5 a6 24. Rae1 Qg5 25. Qxg5 hxg5 26. a3 g4 27. g3 Rab8 28.
b3 a5 29. Kf1 a4 30. b4 Rbd8 1/2-1/2

[Event "Druzynowe Mistrzostwa Polski II Liga"]
[Site "Szklarska Poreba"]
[Date "1899-12-30"]
[Round "6.69"]
[White "Rudnicki, Milosz"]
[Black "Sielicki, Tomasz"]
[Result "1/2-1/2"]
[WhiteTitle "k"]
[BlackTitle "I++"]
[WhiteElo "2164"]
[BlackElo "1968"]

1. d4 Nf6 2. Nf3 e6 3. g3 d5 4. c4 c6 5. Bg2 Be7 6. O-O O-O 7. Nc3 dxc4 8. Ne5
Nbd7 9. Nxc4 Nd5 10. e4 Nxc3 11. bxc3 b5 12. Ne3 Bb7 13. Qb3 a6 14. a4 Qc7 15.
Rd1 Nb6 16. axb5 cxb5 17. Ba3 Bxa3 18. Rxa3 Rfc8 19. Rda1 Nc4 20. Nxc4 Qxc4 21.
Qxc4 Rxc4 22. e5 Bxg2 23. Kxg2 Kf8 24. Rb1 Ke7 25. Kf3 Rb8 26. Ke4 Rb6 27. Rba1
b4 28. cxb4 Rbxb4 29. Rxa6 Rxd4+ 30. Kf3 Rd7 1/2-1/2